000 00977npm a2200253 i 4500
001 5240
003 ES-MaACL
005 20230909114214.0
007 hzrazu bucu
008 900425r19901725sp a 00010 spa d
080 _a013(46.41 Alcala)
080 _a9(46.41 Alcala)
100 1 _aPortilla y Esquivel, Miguel de.
_993248
245 1 0 _aHistoria de la ciudad de Compluto, vulgarmente, Alcala de Santivste, y ahora de Henares
_b: [Microforma].
260 _aMadrid :
_bAteneo Cientifico, Literario y Artistico,
_c1990.
300 _a1 carrete de microfilme :
_bnegativo ;
_c16 mm.
500 _aPublicado originalmente: Alcala, Joseph Espartosa, 1725-1728, en 2 v.
500 _aSegun Palau, Manual del Librero... v.XIV, p.20, falta un 3er v.
505 8 _aDe lo tocante al antiguo Compluto... De sus hijos insignes...
650 1 4 _aObras anteriores a 1800.
_915661
852 _aES-MaACL
_jMC-386
_95357
942 _2udc
_cMICROFORMA
999 _c5240
_d5240